• 首页
  • 本馆介绍
  • 公告通知
  • 最新文献
  • 馆藏检索
  • 电子资源
  • 读者导购
  • 参考咨询
  • 我的图书馆
  • 登录
  • 详细信息显示
  • 放入我的书架
  • 预约/预借图书
  • 作者相关作品
  • 分类相关作品
  • 丛书相关作品
  • 出版社相关作品

书目信息

  • 表格格式
  • 工作单格式
  • 卡片格式
题名:
罗马尼亚姓名译名手册
    
 
作者: 辛华 编
分册:  
出版信息: 北京   商务印书馆  1981
页数: 405页
开本: 17cm
丛书名:
单 册:
中图分类: H776.59-62
科图分类:
主题词: 罗马尼亚语--翻译--手册
电子资源:
ISBN:
000 00641nam0 2200229 45
001 0181005614
005 20060731102532.73
010    @dCNY1.30
091    @a9017.10470
100    @a19950621d1981 emky0chiy0121 ea
101 0  @achi@crum
102    @aCN@b110000
105    @ay z 000yy
200 10 @a罗马尼亚姓名译名手册@Aluo ma ni ya xing ming yi ming shou ce@f辛华编@FXin Hua Bian
210    @a北京@c商务印书馆@d1981
215    @a405页@d17cm
606 0  @a罗马尼亚语@x翻译@x手册
690    @aH776.59-62@v3
701  0 @a辛华@4编
801  2 @aCN@bNLC@c20060731
801  0 @aCN@b上海图书馆@c20050421
905    @f1@b212187@dH776.59-62@e5
    
    罗马尼亚姓名译名手册/辛华编.-北京:商务印书馆,1981
    405页;17cm
    
    
    ISBN :CNY1.30
    
●
相关链接 在E读中查询图书 在五车中查询图书 在当当中查询图书 在豆瓣中查询图书


正题名:罗马尼亚姓名译名手册     索取号:H776.59-62/5         预约/预借

序号 登录号 条形码 馆藏地/架位号 状态 备注
1 0212187   001169069   第四借阅区/ [索取号:H776.59-62/5] 在馆    
2 0212188   001169005   第二样本阅览室/ [索取号:H776.59-62/5] 在馆    
3 0443862   204438625   密集书库/ [索取号:H776.59-62/5] 在馆    
4 0443863   204438634   密集书库/ [索取号:H776.59-62/5] 在馆    
唐山师范学院图书馆 欢迎您!
大连网信软件有限公司© 版权所有